000 00546nam a22001577a 4500
999 _c15486
_d15486
003 OSt
008 180904b ||||| |||| 00| 0 eng d
082 _a631.56
_bANS/DE
100 _aAnshid K.
_aPanchamy Balan
_aSyamkumar K.S
_93825
245 _aDevelopment and evaluation of a cassava peeler cum slicer
260 _aThavanur
_bDepartment of food and agriculture process engineering
_c2018
300 _a47
_eCD
700 _aPrince M.V (Guide )
_93297
856 _uhttps://drive.google.com/open?id=1HCKRu2aMn8ENq5XnCNI68Wks6kIPBARr
942 _cPR